Normal view
MARC view
Entry Personal Name
001 - CONTROL NUMBER
- control field: 67536
003 - CONTROL NUMBER IDENTIFIER
- control field: dpl
005 - DATE AND TIME OF LATEST TRANSACTION
- control field: 20240614165408.0
008 - FIXED-LENGTH DATA ELEMENTS
- fixed length control field: 240614|| aca||aabn | a|a d
040 ## - CATALOGING SOURCE
- Original cataloging agency: dpl
- Transcribing agency: dpl
100 ## - HEADING--PERSONAL NAME
- Personal name: Bhardwaj, AP
670 ## - SOURCE DATA FOUND
- Source citation: Work cat.: (dpl)203614: Bhardwaj, AP, Legal Awareness/Legal Reasoning 2024-25/, 2024
